[Event "U.S. Amateur North"]
[Site "Detroit, MI"]
[Date "1998.??.??"]
[Round "?"]
[White "Jarosz, Stan"]
[Black "Grzegorczyk, Ron"]
[Result "1/2-1/2"]
[WhiteElo "2040"]
[BlackElo "1615"]
[PlyCount "81"]
[EventDate "1998.05.??"]

{5/23} 1. d4 d5 2. Nf3 e6 3. Bf4 Bd6 4. Bg3 Ne7 5. e3 Nf5 6. Bd3 Nxg3 7. hxg3
g6 8. Nbd2 Nd7 9. Qe2 b6 10. e4 Bb7 11. e5 Bf8 12. g4 Bg7 13. g5 Qe7 14. c3
O-O-O 15. a4 h6 16. gxh6 Bxh6 17. a5 Bxd2+ 18. Kxd2 Rxh1 19. Rxh1 Rg8 20. Ra1
c5 21. axb6 axb6 22. Ba6 c4 23. Qd1 Nb8 24. Bb5 f6 25. Qa4 fxe5 26. dxe5 Qc5
27. Nd4 Rf8 28. f3 Qe7 29. Ne2 Qg5+ 30. f4 Qxg2 31. Rg1 Qe4 32. Qb4 Rxf4 33.
Nxf4 Qxf4+ 34. Kd1 Qf3+ 35. Ke1 Qe3+ 36. Kf1 Qc1+ 37. Kf2 Qf4+ 38. Ke1 Qxe5+
39. Kf1 Qf4+ 40. Ke1 Qe3+ 41. Kf1 1/2-1/2

[Event "Michigan Masters/Experts"]
[Site "Grand Rapids, MI"]
[Date "1998.??.??"]
[Round "?"]
[White "Jarosz, Stan"]
[Black "Garrison, Ray"]
[Result "0-1"]
[WhiteElo "2075"]
[BlackElo "2025"]
[PlyCount "56"]
[EventDate "1998.01.??"]

1. d4 e6 2. Nf3 f5 3. g3 Nf6 4. Bg2 d5 5. O-O Bd6 6. c4 c6 7. Qc2 O-O 8. Bg5
Qe8 9. Bxf6 Rxf6 10. c5 Bc7 11. Nc3 Nd7 12. b4 Qh5 13. b5 e5 14. bxc6 bxc6 15.
e3 e4 16. Nd2 Rh6 17. h3 Nf6 18. Qd1 Qf7 19. Qa4 Nh5 20. Rab1 f4 21. exf4 Nxf4
22. Ndxe4 dxe4 23. Bxe4 Nxh3+ 24. Kg2 Ng5 25. Bxc6 Bh3+ 26. Kg1 Nf3+ 27. Bxf3
Qxf3 28. Qc4+ Be6 0-1

[Event "Michigan Open"]
[Site "Flint, MI"]
[Date "1998.??.??"]
[Round "?"]
[White "Jarosz, Stan"]
[Black "Fischvogt, Eric"]
[Result "1/2-1/2"]
[WhiteElo "2040"]
[BlackElo "2220"]
[PlyCount "65"]
[EventDate "1998.09.??"]

{9/6} 1. d4 e6 2. Nf3 f5 3. g3 Nf6 4. Bg2 d5 5. O-O Be7 6. c4 c6 7. Qc2 O-O 8.
Ne5 Qe8 9. Nd2 Qh5 10. Ndf3 Ne4 11. Nd3 g5 12. Nfe5 Rf6 13. Bf3 Qe8 14. Be3 Nd7
15. Qc1 Rf8 16. Nxd7 Bxd7 17. Ne5 h6 18. Qc2 Rd8 19. Bg2 Bc8 20. f3 Nf6 21. Bf2
Bd6 22. e4 dxe4 23. fxe4 Qh5 24. exf5 Bxe5 25. dxe5 Ng4 26. h3 Nxf2 27. Rxf2
exf5 28. Rd2 f4 29. g4 Rxd2 30. Qxd2 Qf7 31. Qd6 f3 32. Bxf3 Qxf3 33. Qg6+
1/2-1/2

[Event "Michigan Open"]
[Site "Flint, MI"]
[Date "1998.??.??"]
[Round "?"]
[White "Jarosz, Stan"]
[Black "Ciaffone, Bob"]
[Result "1/2-1/2"]
[WhiteElo "2040"]
[BlackElo "2200"]
[PlyCount "80"]
[EventDate "1998.09.??"]

{9/5} 1. d4 d5 2. Nf3 Nf6 3. Bf4 c5 4. e3 Nc6 5. c3 Qb6 6. Qc1 cxd4 7. exd4 Bf5
8. Nbd2 Rc8 9. a3 h6 10. h3 e6 11. Be2 Be7 12. O-O O-O 13. Re1 Ne4 14. Be3 Qd8
15. Nxe4 Bxe4 16. Nd2 Bg6 17. Nb3 Bf6 18. Qd2 Ne7 19. Bf4 Nc6 20. Nc5 b6 21.
Nd3 Na5 22. Nc1 Nc4 23. Bxc4 dxc4 24. Qe3 Qd7 25. Qf3 Rfd8 26. Ne2 Qb5 27. Bc1
e5 28. dxe5 Bxe5 29. Nf4 Bh7 30. Qg4 Bxf4 31. Qxf4 Re8 32. Rxe8+ Rxe8 33. Kh2
Bd3 34. a4 Qb3 35. a5 bxa5 36. Rxa5 Qb6 37. Rd5 Qe6 38. Rc5 a6 39. Be3 Qg6 40.
Qg3 Qxg3+ 1/2-1/2

[Event "Michigan Open"]
[Site "Flint, MI"]
[Date "1998.??.??"]
[Round "?"]
[White "Jarosz, Stan"]
[Black "Andrews, Steve"]
[Result "1-0"]
[WhiteElo "2040"]
[BlackElo "2225"]
[PlyCount "93"]
[EventDate "1998.09.??"]

{9/5} 1. d4 c5 2. d5 Nf6 3. Nc3 e5 4. e4 d6 5. Bd3 Be7 6. Nf3 O-O 7. Qe2 Na6 8.
a3 Nc7 9. O-O Rb8 10. h3 Bd7 11. Nd1 b5 12. b3 a5 13. Nh2 a4 14. Ng4 Nxg4 15.
hxg4 Bg5 16. Ne3 Qf6 17. Nf5 g6 18. Bxg5 Qxg5 19. Ne3 Ne8 20. f3 Nf6 21. g3 h5
22. f4 exf4 23. gxf4 Qh4 24. g5 Qg3+ 25. Kh1 Nxe4 26. Bxe4 Rfe8 27. Ng2 Qh3+
28. Kg1 axb3 29. cxb3 Qxb3 30. Qc2 Qxc2 31. Bxc2 Ra8 32. f5 Kg7 33. fxg6 fxg6
34. Rf6 Re5 35. Rxg6+ Kf7 36. Rf1+ Ke7 37. Rg7+ Kd8 38. Rf8+ Be8 39. Bg6 Rxa3
40. Bxe8 Rxe8 41. Rff7 Re2 42. Rf8+ Re8 43. Rff7 Re2 44. Kf1 Re8 45. Nf4 b4 46.
Ne6+ Kc8 47. Rb7 1-0

[Event "Michigan Masters/Experts"]
[Site "Grand Rapids, MI"]
[Date "1998.??.??"]
[Round "?"]
[White "Jarosz, Stan"]
[Black "Aldrich, Jeff"]
[Result "0-1"]
[WhiteElo "2075"]
[BlackElo "2020"]
[PlyCount "60"]
[EventDate "1998.01.??"]

1. d4 d5 2. Nf3 Nf6 3. Bf4 c5 4. e3 Nc6 5. c3 e6 6. Nbd2 a6 7. Bd3 b5 8. a3 Be7
9. Ne5 Nxe5 10. dxe5 Nd7 11. Qg4 g5 12. Qh5 gxf4 13. exf4 c4 14. Bc2 Nc5 15.
Nf3 Qd7 16. O-O-O a5 17. f5 b4 18. a4 bxc3 19. bxc3 Nb3+ 20. Bxb3 cxb3 21. Kb2
Qxa4 22. Ra1 Qe4 23. Nd4 a4 24. fxe6 a3+ 25. Kxb3 Rb8+ 26. Ka4 Bxe6 27. Rhe1
Bd7+ 28. Ka5 Bd8+ 29. Ka6 Qd3+ 30. Ka7 Ra8+ 0-1

[Event "Cadillac Marathon"]
[Site "Cadillac, MI"]
[Date "1998.??.??"]
[Round "?"]
[White "Jacobs, Ron"]
[Black "Miller, Jess"]
[Result "0-1"]
[WhiteElo "1605"]
[BlackElo "1605"]
[PlyCount "76"]
[EventDate "1998.??.??"]

1. e4 c5 2. Nf3 e6 3. d4 d5 4. exd5 exd5 5. Bb5+ Bd7 6. Qe2+ Be7 7. Nc3 c4 8.
Bxd7+ Qxd7 9. O-O Nf6 10. Re1 Nc6 11. Ne5 Qe6 12. Nxc6 Qxe2 13. Rxe2 bxc6 14.
Bg5 Rb8 15. Bxf6 gxf6 16. Rae1 Rb7 17. b3 cxb3 18. cxb3 Kd8 19. Rc1 f5 20. Re5
f4 21. Rf5 Bd6 22. Ne2 Re8 23. Nxf4 Re4 24. Nd3 Rbe7 25. g3 Rxd4 26. Rf3 Kc7
27. Rc2 a5 28. Nb2 Rde4 29. Rd3 f5 30. f4 Kd7 31. Rdd2 Bb4 32. Rf2 Kd6 33. Nd3
Re3 34. Nxb4 axb4 35. Kg2 c5 36. Kh3 d4 37. Rfd2 d3 38. Rb2 R7e6 {[Remainder
illegible]} 0-1

[Event "Michigan Amateur"]
[Site "Kalamazoo "]
[Date "1998.??.??"]
[Round "?"]
[White "Jacobs, Ron"]
[Black "Krzyston, Joe"]
[Result "1-0"]
[WhiteElo "1605"]
[BlackElo "1605"]
[PlyCount "69"]
[EventDate "1998.07.??"]

{7/18} 1. e4 g5 2. d4 h6 3. f4 d5 4. Nc3 c6 5. Nf3 g4 6. Ne5 Nf6 7. exd5 cxd5
8. g3 e6 9. Bd2 Bb4 10. Qe2 O-O 11. Nxg4 Ne4 12. Nxe4 Bxd2+ 13. Nxd2 Nc6 14.
Nb3 e5 15. O-O-O h5 16. Nf2 Qf6 17. dxe5 Qg6 18. Rxd5 Be6 19. Rd6 Nb4 20. Nd3
Nxa2+ 21. Kb1 Nc3+ 22. bxc3 Rad8 23. Rxd8 Rxd8 24. Qe3 b6 25. Be2 Rd5 26. Kb2
Rb5 27. Nb4 Rxb4 28. cxb4 f6 29. Bd3 f5 30. Qf3 Qf7 31. Ra1 Bc4 32. Qa8+ Kh7
33. Rxa7 Qxa7 34. Qxa7+ Kg6 35. Bxc4 1-0

[Event "Michigan Amateur"]
[Site "Kalamazoo "]
[Date "1998.??.??"]
[Round "?"]
[White "Jacobs, Ron"]
[Black "Grzegorczyk, Ron"]
[Result "0-1"]
[WhiteElo "1605"]
[BlackElo "1615"]
[PlyCount "58"]
[EventDate "1998.07.??"]

{7/19} 1. e4 c5 2. Nf3 Nc6 3. d4 cxd4 4. Nxd4 Nf6 5. Nc3 d6 6. Bc4 e6 7. f3 Be7
8. Be3 a6 9. a4 O-O 10. Qd2 d5 11. Nxc6 bxc6 12. exd5 cxd5 13. Bb3 Bb7 14. O-O
e5 15. Bg5 d4 16. Bxf6 Bxf6 17. Ne4 Be7 18. Rad1 a5 19. Rfe1 Kh8 20. Qc1 Qb6
21. Nd2 f6 22. Kh1 Rac8 23. Nc4 Qc7 24. f4 Ba6 25. Na3 Bb4 26. fxe5 Bxe1 27.
Rxe1 fxe5 28. Qg5 Rf6 29. Rxe5 Rf1# 0-1

[Event "Cadillac Marathon"]
[Site "Cadillac, MI"]
[Date "1998.??.??"]
[Round "?"]
[White "Jacobs, Ron"]
[Black "Anderson, Gale"]
[Result "0-1"]
[WhiteElo "1605"]
[BlackElo "1770"]
[PlyCount "68"]
[EventDate "1998.??.??"]

1. e4 e6 2. d4 d5 3. exd5 exd5 4. c4 Nf6 5. Bg5 Bb4+ 6. Nd2 O-O 7. cxd5 h6 8.
Bxf6 Qxf6 9. Ngf3 Nd7 10. Be2 Nb6 11. a3 Bxd2+ 12. Qxd2 Nxd5 13. O-O Be6 14.
Rac1 Rfd8 15. Rfd1 Rd6 16. Bc4 c6 17. Qa5 b6 18. Qa6 Bc8 19. Qa4 b5 20. Bxb5
cxb5 21. Qxb5 Bg4 22. Rd3 Bxf3 23. Rxf3 Qe7 24. h3 Rad8 25. Qa5 Nb6 26. Re3 Qb7
27. Qc5 Nd5 28. Rf3 Qxb2 29. Rc4 Nb6 30. Qc7 R6d7 31. Qc5 Nxc4 32. Qxc4 Qb6 33.
Qa2 Qxd4 34. Qb3 Qe5 0-1

[Event "Kalamazoo Mini-Swiss.2"]
[Site "Kalamazoo, MI"]
[Date "1998.??.??"]
[Round "?"]
[White "Jackson, Don"]
[Black "Vaughn, Gerald"]
[Result "0-1"]
[WhiteElo "1605"]
[BlackElo "1605"]
[PlyCount "82"]
[EventDate "1998.??.??"]

1. g4 e6 2. Bg2 d5 3. h3 Bd6 4. c4 c6 5. Nc3 Nd7 6. d4 Bb4 7. Nf3 Ngf6 8. Bg5
Qa5 9. Qb3 Ne4 10. Bd2 Nxd2 11. Nxd2 Nf6 12. O-O Bd7 13. c5 O-O 14. Qc2 h6 15.
Rfe1 Qc7 16. e3 b6 17. a3 Bxc3 18. Qxc3 bxc5 19. Qxc5 Rab8 20. b4 Rb5 21. Qc2
Rfb8 22. Nb3 a6 23. Bf1 R5b6 24. Nc5 a5 25. Na6 Rxa6 26. Bxa6 Qb6 27. Bd3 Qd8
28. Reb1 h5 29. g5 Ne4 30. f4 Nxg5 31. fxg5 Qxg5+ 32. Kf2 Qh4+ 33. Ke2 Qxh3 34.
Rf1 Qg4+ 35. Kd2 axb4 36. axb4 e5 37. Be2 Qh4 38. Ra7 Be6 39. Qxc6 exd4 40. Qd6
dxe3+ 41. Kd1 Qd4+ 0-1

[Event "Kalamazoo Mini-Swiss.2"]
[Site "Kalamazoo, MI"]
[Date "1998.??.??"]
[Round "?"]
[White "Jackson, Don"]
[Black "Richardson, M."]
[Result "1-0"]
[WhiteElo "1605"]
[BlackElo "1605"]
[PlyCount "45"]
[EventDate "1998.??.??"]

1. d4 d5 2. Nf3 Nc6 3. Bg5 Bf5 4. Nbd2 Nf6 5. e3 Nb4 6. Bd3 Nxd3+ 7. cxd3 Bxd3
8. Ne5 Be4 9. O-O e6 10. Nxe4 dxe4 11. f3 Be7 12. fxe4 Nxe4 13. Nxf7 Qd5 14.
Bxe7 Kxe7 15. Nxh8 Rxh8 16. Qf3 Qc6 17. Qf7+ Kd6 18. Rac1 Qe8 19. Qxc7+ Kd5 20.
Qxb7+ Kd6 21. Qxe4 Qb5 22. Rf7 Qxb2 23. Qc6# 1-0

[Event "Michigan Amateur"]
[Site "Kalamazoo "]
[Date "1998.??.??"]
[Round "?"]
[White "Jackson, Don"]
[Black "Neely, Richard"]
[Result "1-0"]
[WhiteElo "1605"]
[BlackElo "1605"]
[PlyCount "49"]
[EventDate "1998.07.??"]

{7/19} 1. d4 Nf6 2. e3 g6 3. Bd3 d6 4. f4 e6 5. Nf3 b6 6. O-O Bb7 7. Nbd2 Nbd7
8. e4 Bg7 9. e5 dxe5 10. fxe5 Nd5 11. Nc4 b5 12. Na3 a6 13. c4 bxc4 14. Nxc4
Rb8 15. Ng5 O-O 16. Qg4 c5 17. Qh3 h6 18. Nf3 g5 19. Bxg5 Nf4 20. Bxf4 Bxf3 21.
Rxf3 cxd4 22. Bxh6 f5 23. Rg3 Rf7 24. Nd6 Nxe5 25. Nxf7 1-0

[Event "Kalamazoo Mini-Swiss.2"]
[Site "Kalamazoo, MI"]
[Date "1998.??.??"]
[Round "?"]
[White "Jackson, Don"]
[Black "Griffin, John"]
[Result "0-1"]
[WhiteElo "1605"]
[BlackElo "1605"]
[PlyCount "112"]
[EventDate "1998.??.??"]

1. d4 Nf6 2. Nf3 b6 3. Bg5 Ne4 4. Nbd2 Nxg5 5. Nxg5 h6 6. Ngf3 Bb7 7. e3 e6 8.
Bd3 c5 9. c3 d5 10. Ne5 Nd7 11. Ndf3 Bd6 12. Qc2 c4 13. Be2 Qf6 14. Qa4 Bc8 15.
Nc6 a6 16. Nce5 b5 17. Qc2 Qf5 18. Qxf5 exf5 19. Nc6 O-O 20. Nfe5 Re8 21. f4
Nxe5 22. Nxe5 f6 23. Bh5 Re7 24. Bf3 Bb7 25. Ng6 Rxe3+ 26. Kf2 Rae8 27. g3 b4
28. Nh4 Rd3 29. Nxf5 Rd2+ 30. Kg1 Bf8 31. Bh5 Rd8 32. Rb1 bxc3 33. bxc3 Ba8 34.
Rb6 Rc2 35. Re6 Rb8 36. Re1 Rbb2 37. Ne3 Rxc3 38. Nd1 Rc1 39. Re3 Rcb1 40. Be2
Rxa2 41. Kf2 Bc6 42. Rf1 Rb3 43. Nc3 Rc2 44. Kf3 Rcxc3 45. Rxc3 Rxc3+ 46. Kf2
Rc2 47. Re1 Bb4 48. Rb1 a5 49. Kf1 Bd7 50. g4 c3 51. Bf3 Bb5+ 52. Kg1 Bc4 53.
Bd1 Rd2 54. Rc1 Be2 55. Bb3 Rxd4 56. Rc2 Bd1 0-1

[Event "Michigan Amateur"]
[Site "Kalamazoo "]
[Date "1998.??.??"]
[Round "?"]
[White "Jackson, Don"]
[Black "Aldrich, Justin"]
[Result "0-1"]
[WhiteElo "1605"]
[BlackElo "1605"]
[PlyCount "116"]
[EventDate "1998.07.??"]

{7/18} 1. d4 d5 2. e3 Nf6 3. Bd3 e6 4. f4 c5 5. c3 Nc6 6. Nf3 Be7 7. Ne5 Nxe5
8. fxe5 Nd7 9. O-O Bg5 10. Qf3 O-O 11. Qh3 h6 12. Nd2 cxd4 13. exd4 Qb6 14. Nf3
Bxc1 15. Raxc1 f6 16. Rf2 a6 17. Rcf1 fxe5 18. Nxe5 Rxf2 19. Rxf2 Nxe5 20. dxe5
Bd7 21. Qg3 Rf8 22. Qh4 Qe3 23. Qg3 Qxg3 24. hxg3 g5 25. g4 Rxf2 26. Kxf2 Kg7
27. Be2 Kf7 28. Ke3 Ke7 29. Kd4 Kd8 30. Kc5 Kc7 31. a3 Be8 32. Bd3 Ba4 33. Bh7
Bd1 34. Bg8 Bxg4 35. Kd4 Bf5 36. Bf7 Kd7 37. Ke3 Ke7 38. Bh5 Kd7 39. g4 Bc2 40.
Kd4 Bd1 41. Kc5 Kc7 42. b4 b6+ 43. Kd4 Kb7 44. Ke3 Kc7 45. Kd4 Kd8 46. Ke3 Ba4
47. Kf3 Be8 48. Bxe8 Kxe8 49. Kg3 Kd7 50. a4 Kc6 51. Kf3 a5 52. Ke3 b5 53. bxa5
bxa4 54. Kd2 Kb5 55. Kc2 Kxa5 56. Kb2 Kb5 57. Ka3 Kc4 58. Kxa4 Kxc3 0-1

[Event "U.S. Amateur North"]
[Site "Detroit, MI"]
[Date "1998.??.??"]
[Round "?"]
[White "Iyer, Krishnan"]
[Black "Levadi, David"]
[Result "0-1"]
[WhiteElo "1605"]
[BlackElo "1860"]
[PlyCount "92"]
[EventDate "1998.05.??"]

{5/23} 1. e4 Nc6 2. Nf3 d6 3. d4 Bg4 4. Be3 Nf6 5. Nc3 e5 6. Bb5 a6 7. Bxc6+
bxc6 8. dxe5 Bxf3 9. Qxf3 dxe5 10. Rd1 Bd6 11. O-O Nd7 12. Qe2 Nb6 13. f4 exf4
14. Bxb6 cxb6 15. e5 Bc5+ 16. Kh1 Qe7 17. Rxf4 O-O 18. Qe4 Rad8 19. Rd3 b5 20.
Rh4 g6 21. Rdh3 f5 22. Qe1 Rf7 23. Rd3 Re8 24. h3 Qxe5 25. Qxe5 Rxe5 26. Rd8+
Rf8 27. Rxf8+ Bxf8 28. Kg1 Be7 29. Rf4 Bg5 30. Rf1 Be3+ 31. Kh2 Bd4 32. Nd1 Re2
33. c3 Be5+ 34. Kg1 Bg3 35. Rf3 f4 36. Rf1 Kf7 37. Kh1 Ke6 38. Kg1 Kd5 39. Kh1
Ke4 40. Kg1 Kd3 41. a3 Kc2 42. Nf2 Bxf2+ 43. Rxf2 Rxf2 44. Kxf2 Kxb2 45. Kf3
Kxc3 46. Kxf4 Kd4 0-1

[Event "Kalamazoo Mini-Swiss.2"]
[Site "Kalamazoo, MI"]
[Date "1998.??.??"]
[Round "?"]
[White "Ingles, Darrell"]
[Black "Pascoe, Bramwell"]
[Result "0-1"]
[WhiteElo "1605"]
[BlackElo "1605"]
[PlyCount "72"]
[EventDate "1998.??.??"]

1. d4 d5 2. Nf3 Nc6 3. e3 Bf5 4. Bd3 e6 5. c3 Nge7 6. Nbd2 Bxd3 7. Nb3 Bb5 8.
a4 Ba6 9. Nbd2 g6 10. b4 b5 11. Nb3 Bg7 12. Nc5 Qc8 13. Qd3 Rb8 14. O-O O-O 15.
a5 e5 16. dxe5 Nxe5 17. Nxe5 Bxe5 18. f4 Bg7 19. Bd2 Re8 20. Rae1 Bb7 21. Qe2
Nf5 22. Qxb5 Nd6 23. Qd3 Qf5 24. Qe2 Ne4 25. g4 Qc8 26. Nxe4 Ba6 27. Qxa6 Qxa6
28. Nc5 Qc4 29. Rf3 Bxc3 30. Bxc3 Qxc3 31. Kf2 Rxb4 32. Nd7 Rb2+ 33. Kf1 Rxh2
34. g5 Rh1+ 35. Kg2 Qxe1 36. Nf6+ Kf8 0-1

[Event "Kalamazoo Mini-Swiss.1"]
[Site "Kalamazoo, MI"]
[Date "1998.??.??"]
[Round "?"]
[White "Ingles, Darrell"]
[Black "Griffin, John"]
[Result "1/2-1/2"]
[WhiteElo "1605"]
[BlackElo "1605"]
[PlyCount "84"]
[EventDate "1998.??.??"]

1. e4 c5 2. Nf3 Nc6 3. d4 cxd4 4. Nxd4 Nf6 5. f3 e5 6. Nb5 d6 7. N1c3 a6 8. Na3
Be6 9. Be2 d5 10. exd5 Nxd5 11. Nxd5 Bxd5 12. c4 Be6 13. Nc2 Bc5 14. Bd2 O-O
15. b4 Bd4 16. Rb1 Rc8 17. h4 b5 18. c5 Bxa2 19. Nxd4 Bxb1 20. Nxc6 Rxc6 21.
Qxb1 Re8 22. Bd3 h6 23. Be4 Rc7 24. Be3 Qe7 25. c6 Rb8 26. Kf2 f5 27. Qb3+ Kh8
28. Bc5 Qf6 29. Bd5 e4 30. f4 Re8 31. Ke3 Qg6 32. Kf2 e3+ 33. Bxe3 Rce7 34. Re1
Qd6 35. g3 Qc7 36. Kf1 a5 37. Bd2 Rxe1+ 38. Bxe1 Qe7 39. Qd1 a4 40. Bc3 Rd8 41.
Qd4 a3 42. Ba1 a2 1/2-1/2

[Event "Kalamazoo Mini-Swiss.2"]
[Site "Kalamazoo, MI"]
[Date "1998.??.??"]
[Round "?"]
[White "Ingles, Darrell"]
[Black "Franklin, Stan"]
[Result "1-0"]
[WhiteElo "1605"]
[BlackElo "1665"]
[PlyCount "87"]
[EventDate "1998.??.??"]

1. e4 e6 2. d4 d5 3. exd5 exd5 4. Nf3 Bg4 5. Be2 Nc6 6. c3 Bd6 7. O-O Qd7 8.
Re1 O-O-O 9. b4 h5 10. b5 Na5 11. Qa4 b6 12. Nbd2 Kb8 13. Nb3 Nb7 14. Qa6 Ne7
15. a4 Nc8 16. a5 h4 17. axb6 cxb6 18. Ne5 Bxe5 19. dxe5 h3 20. Bf4 Ka8 21. Nd4
Nc5 22. Qa2 Bxe2 23. Qxe2 hxg2 24. Nc6 Rde8 25. Qf3 g5 26. Bg3 g4 27. Qxg2 Nd3
28. Rxa7+ Nxa7 29. Ra1 Nxe5 30. Nxe5 Qxb5 31. c4 Qc5 32. cxd5 Qd4 33. d6+ Kb8
34. Nd7+ Kc8 35. Nxb6+ Qxb6 36. Qa8+ Kd7 37. Rxa7+ Ke6 38. Qe4+ Kf6 39. Qf4+
Kg6 40. Qxf7+ Kg5 41. Qg7+ Kh5 42. Qf7+ Kg5 43. Bf4+ Kh4 44. Qh7+ 1-0

[Event "Kalamazoo Mini-Swiss.2"]
[Site "Kalamazoo, MI"]
[Date "1998.??.??"]
[Round "?"]
[White "Ingles, Darrell"]
[Black "Bennet, D."]
[Result "1/2-1/2"]
[WhiteElo "1605"]
[BlackElo "1605"]
[PlyCount "104"]
[EventDate "1998.??.??"]

1. d4 d5 2. Nf3 Nf6 3. e3 Bg4 4. Be2 Bxf3 5. Bxf3 e6 6. O-O Bd6 7. Nd2 Nc6 8.
c3 O-O 9. e4 dxe4 10. Nxe4 Nxe4 11. Bxe4 Qh4 12. f4 g5 13. Bxc6 bxc6 14. Qf3 c5
15. g3 Qh6 16. fxg5 Qg6 17. Bf4 cxd4 18. cxd4 Rab8 19. b3 Rfd8 20. Be3 e5 21.
h4 Qe6 22. h5 exd4 23. Bxd4 c5 24. Bf6 Re8 25. Kg2 Qe2+ 26. Qxe2 Rxe2+ 27. Rf2
Rbe8 28. Rd1 Bc7 29. Rd7 Bb6 30. Kf1 Rxf2+ 31. Kxf2 c4+ 32. Kf3 cxb3 33. axb3
Re3+ 34. Kg4 Kf8 35. Rb7 Ke8 36. Rb8+ Kd7 37. Rb7+ Bc7 38. Rxa7 Rxg3+ 39. Kh4
Rxb3 40. Be5 Rb4+ 41. Kh3 Rc4 42. Rxc7+ Rxc7 43. Bxc7 Kxc7 44. Kg4 Kd7 45. Kf5
Ke7 46. h6 Ke8 47. Ke5 Ke7 48. Kf5 Ke8 49. Ke4 Kd7 50. Kd5 Ke7 51. Ke5 Ke8 52.
Kd6 Kd8 1/2-1/2

[Event "Kalamazoo Mini-Swiss.1"]
[Site "Kalamazoo, MI"]
[Date "1998.??.??"]
[Round "?"]
[White "Ingles, Darrell"]
[Black "Alder, S."]
[Result "1-0"]
[WhiteElo "1605"]
[BlackElo "1605"]
[PlyCount "121"]
[EventDate "1998.??.??"]

1. d4 g6 2. e4 Bg7 3. e5 Nc6 4. Nf3 d6 5. d5 Nxe5 6. Nxe5 Bxe5 7. Bb5+ Bd7 8.
Bxd7+ Qxd7 9. O-O O-O-O 10. a4 f5 11. a5 e6 12. dxe6 Qxe6 13. Be3 a6 14. c3 d5
15. Re1 Qd6 16. f4 Bxf4 17. Bd4 Bxh2+ 18. Kh1 Bg3 19. Bxh8 Bxe1 20. Qxe1 Nf6
21. Bxf6 Qxf6 22. Nd2 h5 23. Qf2 Kb8 24. Re1 g5 25. Qd4 Qg6 26. Re7 Qd6 27. Re5
c5 28. Qe3 f4 29. Qe2 Qg6 30. Re6 Qf7 31. Qe5+ Ka8 32. Re7 Qg8 33. Qc7 Rb8 34.
Qxc5 g4 35. Qc7 Qg5 36. Kg1 f3 37. Nf1 fxg2 38. Kxg2 h4 39. Qe5 Qc1 40. Qe2 Qf4
41. Qf2 h3+ 42. Kg1 Qc1 43. Rg7 Qd1 44. Kh2 Re8 45. Ng3 Rd8 46. Qe2 Qb3 47.
Rxg4 Rh8 48. Nf5 b6 49. Nd4 Qc4 50. Qxc4 dxc4 51. axb6 Kb7 52. Nf5 Kxb6 53. Rh4
Rxh4 54. Nxh4 Ka5 55. Nf3 Ka4 56. Nd2 Kb5 57. Kxh3 a5 58. Kg3 a4 59. Kf4 Kc5
60. Ke5 Kb5 61. Kd5 1-0

[Event "U.S. Amateur North"]
[Site "Detroit, MI"]
[Date "1998.??.??"]
[Round "?"]
[White "Hubbard, D."]
[Black "al-Shareef, Robert"]
[Result "0-1"]
[WhiteElo "1605"]
[BlackElo "1685"]
[PlyCount "98"]
[EventDate "1998.05.??"]

{5/24} 1. d4 Nf6 2. c4 g6 3. f3 d5 4. cxd5 Nxd5 5. e4 Nb6 6. Be3 Bg7 7. Ne2 Na6
8. Nec3 O-O 9. Be2 f5 10. e5 f4 11. Bf2 Be6 12. Bxa6 bxa6 13. O-O Rb8 14. b3 c6
15. Ne4 Nd5 16. Qe2 Qb6 17. Rc1 Rbd8 18. Nc5 Bc8 19. Na3 a5 20. Nc4 Qb5 21. Qd2
Qb4 22. a3 Qxd2 23. Nxd2 Ne3 24. Bxe3 fxe3 25. Nc4 Rxd4 26. Nxa5 Bxe5 27. Nxc6
Bf6 28. Nxd4 Bxd4 29. Ra2 e2+ 30. Kh1 Bxc5 31. Rxe2 Bxa3 32. Ra1 Rd8 33. h3 Bc5
34. Re5 Bd4 35. Rea5 Bxa1 36. Rxa1 a6 37. Rc1 Bf5 38. Rc7 Kf7 39. b4 Rd1+ 40.
Kh2 Rd2 41. Kg3 h5 42. h4 Rd6 43. Kf4 Kf6 44. Rc4 Bd3 45. Rc3 e5+ 46. Ke3 Bf1
47. Kf2 Bb5 48. g3 Rd2+ 49. Ke3 Re2# 0-1

[Event "U.S. Amateur North"]
[Site "Detroit, MI"]
[Date "1998.??.??"]
[Round "?"]
[White "Hubbard, D."]
[Black "Randel, D."]
[Result "0-1"]
[WhiteElo "1605"]
[BlackElo "1785"]
[PlyCount "66"]
[EventDate "1998.05.??"]

{5/23} 1. d4 d5 2. c4 c6 3. cxd5 cxd5 4. Nc3 Nf6 5. Nf3 Nc6 6. Bg5 Ne4 7. Qb3
Nxc3 8. bxc3 Qc7 9. Qxd5 e6 10. Qb3 Bd6 11. e4 O-O 12. Bd3 e5 13. Rc1 b6 14.
O-O Bb7 15. d5 Ne7 16. c4 Ng6 17. Qd1 Rac8 18. Bd2 Qd7 19. Ng5 h6 20. Nh3 Ba6
21. Qh5 Be7 22. Be2 Qd6 23. f4 exf4 24. Nxf4 Nxf4 25. Bxf4 Qc5+ 26. Kh1 Qd4 27.
Qg4 Qxe4 28. Bf3 Qd4 29. Qg3 Qf6 30. Be5 Qg5 31. Bg4 Rxc4 32. Rxc4 Bxc4 33. Rf5
Qc1+ 0-1

[Event "U.S. Amateur North"]
[Site "Detroit, MI"]
[Date "1998.??.??"]
[Round "?"]
[White "Hubbard, A."]
[Black "Smith, Glenn"]
[Result "1-0"]
[WhiteElo "1680"]
[BlackElo "1605"]
[PlyCount "71"]
[EventDate "1998.05.??"]

{5/24} 1. d4 Nf6 2. c4 d5 3. cxd5 Nxd5 4. e4 Nb6 5. Nc3 Nc6 6. Be3 e6 7. Bb5
Bd7 8. Nf3 Bd6 9. O-O a6 10. Bd3 e5 11. a3 Bg4 12. Be2 Bxf3 13. Bxf3 exd4 14.
e5 Bxe5 15. Bxc6+ bxc6 16. Qh5 Bf6 17. Rad1 O-O 18. Ne4 Nd5 19. Bxd4 Bxd4 20.
Rxd4 f5 21. Ng5 Nf6 22. Qh4 Qe7 23. Nxh7 Rf7 24. Nxf6+ Qxf6 25. Qxf6 Rxf6 26.
Rd7 Rf7 27. Rfd1 Raf8 28. g3 g5 29. Rxf7 Rxf7 30. Rd4 Kg7 31. Ra4 f4 32. Rxa6
Kg6 33. Rxc6+ Kf5 34. Kg2 Kg4 35. h3+ Kh5 36. g4+ 1-0

[Event "U.S. Amateur North"]
[Site "Detroit, MI"]
[Date "1998.??.??"]
[Round "?"]
[White "Hubbard, A."]
[Black "Jarosz, Stan"]
[Result "0-1"]
[WhiteElo "1680"]
[BlackElo "2040"]
[PlyCount "58"]
[EventDate "1998.05.??"]

{5/24} 1. d4 d5 2. c4 e6 3. cxd5 exd5 4. Nc3 c6 5. Nf3 Bf5 6. Bg5 Qb6 7. Qd2
Nd7 8. e3 Ngf6 9. Be2 Ne4 10. Nxe4 dxe4 11. O-O exf3 12. Bxf3 Bb4 13. Qe2 O-O
14. a3 Bd6 15. Bg4 Bxg4 16. Qxg4 f5 17. Qe2 Nf6 18. Rab1 Qc7 19. h3 Ne4 20. Bh4
Be7 21. Bxe7 Qxe7 22. Qc4+ Kh8 23. Rfd1 f4 24. Rd3 Qh4 25. Qc2 f3 26. Rb3 fxg2
27. f3 Rxf3 28. Rxb7 Qxh3 29. Qxg2 Rg3 0-1

[Event "U.S. Amateur North"]
[Site "Detroit, MI"]
[Date "1998.??.??"]
[Round "?"]
[White "Hubbard, A."]
[Black "Gorham, W."]
[Result "1-0"]
[WhiteElo "1680"]
[BlackElo "2090"]
[PlyCount "51"]
[EventDate "1998.05.??"]

{5/23} 1. d4 Nf6 2. c4 e5 3. dxe5 Ng4 4. Nf3 Nc6 5. Bg5 Be7 6. Bxe7 Qxe7 7. Nc3
Ncxe5 8. e3 c6 9. Bd3 d6 10. O-O O-O 11. Ne4 Nxf3+ 12. Qxf3 Ne5 13. Qe2 Bf5 14.
f3 Rfe8 15. Rfd1 d5 16. cxd5 cxd5 17. Nf2 Bxd3 18. Nxd3 Nc4 19. Re1 Nxe3 20.
Kh1 Rad8 21. Rad1 Kf8 22. Nf4 Qc5 23. Qf2 Ng4 24. Qxc5+ Kg8 25. Rxe8+ Rxe8 26.
fxg4 1-0

[Event "Michigan Open Reserve"]
[Site "Flint, MI"]
[Date "1998.??.??"]
[Round "?"]
[White "Houser, Rick"]
[Black "Smalec, Joseph"]
[Result "1-0"]
[WhiteElo "1605"]
[BlackElo "1605"]
[PlyCount "53"]
[EventDate "1998.09.??"]

1. e4 e5 2. Nf3 Nc6 3. d4 d6 4. dxe5 dxe5 5. Qxd8+ Nxd8 6. Nxe5 Bd6 7. Nc4 Be6
8. Nxd6+ cxd6 9. Bf4 d5 10. exd5 Bxd5 11. Nc3 Nf6 12. Bg5 O-O 13. Bxf6 Re8+ 14.
Kd2 Bc6 15. Bxd8 Raxd8+ 16. Bd3 Bxg2 17. Rhg1 Bh3 18. Rge1 Rf8 19. Re7 b5 20.
Rxa7 b4 21. Ne2 Rfe8 22. Rb7 Bg4 23. Re1 f5 24. Rxb4 Rd5 25. Nf4 Ra5 26. Rxe8+
Kf7 27. Re1 1-0

[Event "Michigan Open Reserve"]
[Site "Flint, MI"]
[Date "1998.??.??"]
[Round "?"]
[White "Houser, Rick"]
[Black "Johnson, Donta"]
[Result "0-1"]
[WhiteElo "1605"]
[BlackElo "1605"]
[PlyCount "104"]
[EventDate "1998.09.??"]

1. e4 e5 2. Nf3 Nc6 3. d4 exd4 4. Nxd4 Bc5 5. Nxc6 bxc6 6. Bc4 d6 7. Qf3 Nf6 8.
Bg5 Bd7 9. Bxf6 Qxf6 10. Qxf6 gxf6 11. O-O Rg8 12. g3 h5 13. h4 Rxg3+ 14. Kh2
Rh3+ 15. Kg2 Ke7 16. Rg1 Rg8+ 17. Kf1 Rxg1+ 18. Kxg1 Rxh4 19. Nd2 Rg4+ 20. Kf1
Rf4 21. f3 f5 22. exf5 Bxf5 23. Bd3 Bxd3+ 24. cxd3 Bb4 25. Ke2 Bxd2 26. Kxd2
Rxf3 27. Rh1 Rf5 28. b4 Kf6 29. Rh2 Kg5 30. a4 Kg4 31. Rg2+ Kh3 32. Rg8 Rf4 33.
Kc3 c5 34. bxc5 Rxa4 35. cxd6 cxd6 36. Rd8 Kg2 37. Rxd6 h4 38. Rd7 h3 39. Rxf7
Kg3 40. Rg7+ Rg4 41. Rh7 h2 42. d4 Rh4 43. Rg7+ Kh3 44. Re7 h1=Q 45. Re3+ Kg4
46. Re2 Rh3+ 47. Kb4 Qf3 48. d5 Qxe2 49. d6 Qd2+ 50. Kc5 Rc3+ 51. Kb5 Qb2+ 52.
Ka6 Ra3# 0-1